El misterio del perdón / (Record no. 49181)

MARC details
000 -LEADER
campo de control de longitud fija 00606nam a2200193 i 4500
001 - NÚMERO DE CONTROL
campo de control 49181
003 - IDENTIFICADOR DE NÚMERO DE CONTROL
campo de control ES-MaACL
007 - CAMPO FIJO DE DESCRIPCIÓN FÍSICA--INFORMACIÓN GENERAL
campo de control de longitud fija t|
008 - DATOS DE LONGITUD FIJA--INFORMACIÓN GENERAL
campo de control de longitud fija 030710s1963 sp ||||1| spa d
100 1# - ENTRADA PRINCIPAL--NOMBRE DE PERSONA
Nombre de persona Cortade, Jacques.
9 (RLIN) 40813
245 13 - MENCIÓN DEL TÍTULO
Título El misterio del perdón /
Mención de responsabilidad, etc. Jacques Cortade ; [traducción por José Mª Rovira].
260 ## - PUBLICACIÓN, DISTRIBUCIÓN, ETC.
Lugar de publicación, distribución, etc. Barcelona :
Nombre del editor, distribuidor, etc. Nova Terra,
Fecha de publicación, distribución, etc. [1963]
300 ## - DESCRIPCIÓN FÍSICA
Extensión 130 p. ;
Dimensiones 21 cm.
490 1# - MENCIÓN DE SERIE
Mención de serie El hombre nuevo ;
Designación de volumen o secuencia 10
700 1# - ENTRADA AGREGADA--NOMBRE PERSONAL
Nombre de persona Rovira Belloso, Josep Maria.
9 (RLIN) 100143
830 03 - PUNTO DE ACCESO ADICIONAL DE SERIE-TÍTULO UNIFORME
Título uniforme El hombre nuevo
Designación de volumen o secuencia 10
9 (RLIN) 182265
852 ## - LOCALIZACIÓN
Ubicación ES-MaACL
Número de control de estantería G-7293
Sublocalización o colección R.53882
Holdings
Estatus retirado Estado de pérdida Estado de daño No para préstamo Biblioteca de origen Biblioteca actual Ubicación en estantería Fecha de adquisición Fuente de adquisición Total de préstamos Signatura topográfica completa Código de barras Visto por última vez Precio de reemplazo Tipo de ítem Koha
        Biblioteca del Ateneo de Madrid Biblioteca del Ateneo de Madrid Depósito 2 17/01/2008     G-7293 1051754 23/02/2023 23/02/2023 Libro impreso